00487 2200181 4500001002100000008004100021035002000062245004600082100002300128250002000151260003900171300001900210020001800229084001600247082001000263650002300273990000900296INLIS000000000001597 ind  a0010-0425001597 aLegenda Batu MenangiscMB. Rahimsyah . AR aMB. Rahimsyah . AR aCetakan Pertama aJakarta :bBintang Indonesi,c2010 a96 hlm.c9 cm. a602-8793-53-1 a741.5 MB. l a741.5 aMB. Rahimsyah . AR a5152